=LDR 00000nam 2200000 4500 =001 INLIS000000000020500 =005 20200229095135 =035 ##$$a 0010-061300000020500 =008 200229################g##########0#ind## =041 ##$$a Ind =082 ##$$a 150.72 =090 ##$$a 150.72, Dan m =100 ##$$a Danim, Sudarwan =245 1#$$a Metode penelitian untuk ilmu-ilmu prilaku : $b Acuan dasar bagi mahasiswa program sarjana dan peneliti pemula /$c Sudarwan Danim =260 ##$$a Jakarta :$b Bumi Aksara,$c 2004 =300 ##$$a xii, 235 hlm, : $b ilus ; $c 20 x14 cm. =650 #4$$a Prilaku manusia-penelitian =850 ##$$a NBPNMAT =020 ##$$a 979-526-202-5 =084 ##$$a 150.72 Dan m =250 ##$$a Cet.1 =990 ##$$a DW00023344 =990 ##$$a DW00023909 =990 ##$$a 20610236 =990 ##$$a 20610237 =990 ##$$a 20610238 =990 ##$$a 20610239 =990 ##$$a 20403868 =990 ##$$a 157.407/pb.2000 =990 ##$$a 157.407/pb.2000 =990 ##$$a DW00023344 =990 ##$$a DW00023909 =990 ##$$a 20610236 =990 ##$$a 20610237 =990 ##$$a 20610238 =990 ##$$a 20610239 =990 ##$$a 20403868